Datum a čas kvízu
32
Celkem bodů
Celkový počet nahraných bodů na tomto kvízu bez doplňovacích otázek.
6.
Pořadí na kvízu
Konečné umístění týmu na tomto kvízu.
Zaznamenané odpovědi
| # | Otázka | Odpověď | Body | Výsledky |
|---|---|---|---|---|
| 1. | Minulý týden zaplnily internet... | A | 1 | |
| 2. | Běloruský vůdce Alexandr Lukaš... | B | 1 | |
| 3. | Minulý týden proběhlo internet... | Bílý balet | 1 | |
| 4. | Nobelovu cenu za fyziku letos... | C) teleportace | 0 | |
| 5. | Minulý týden hostila pražská O... | San Jose Sharks, Nashville Predators | 1 | |
| 6. | Podívejme se nejprve na velblo... | C | 1 | |
| 7. | Přiřaďte správné výrazy k jeji... | 1A 2D 3C 4B | 0 | |
| 8. | Jeden známý biblický příměr ml... | uchem jehly | 1 | |
| 9. | Ve kterém filmu se objevuje uč... | Čtyři vraždy stačí, drahoušku | 0 | |
| 10. | Velblouda má ve znaku město Pl... | husitům (sirotkům) | 0 |